[Event "España ch 2008 sub 18"]
[Site "Padrón ESP"]
[Date "2008.07.28"]
[Round "3.10"]
[White "Pueyo Burrell, David"]
[Black "Arribas Lopez, Angel"]
[Result "0-1"]
[WhiteElo "2126"]
[BlackElo "2332"]
[PlyCount "112"]
[EventDate "2008.07.27"]
[EventType "swiss"]
[EventRounds "9"]
[EventCountry "ESP"]
[Source "lmi"]
[SourceDate "2008.07.27"]

1. e4 c5 2. Nf3 d6 3. d4 cxd4 4. Nxd4 Nf6 5. Nc3 g6 6. Be3 Bg7 7. f3 O-O 8. Qd2
Nc6 9. O-O-O d5 10. exd5 Nxd5 11. Nxc6 bxc6 12. Nxd5 cxd5 13. Qxd5 Qc7 14. Qc5
Qb8 15. b3 Bf5 16. Bd3 Rc8 17. Qa5 Bc3 18. Qb5 Qd6 19. Kb1 a6 20. Qa4 Bd7 21.
Qh4 Bf6 22. Bg5 Bg7 23. Rhe1 Qc5 24. c4 Qb4 25. Bd2 Qd6 26. Bc2 Be6 27. Bc3
Bxc3 28. Rxd6 exd6 29. Rd1 Rab8 30. Rxd6 Bxc4 31. Qe4 Bb5 32. Qd5 Bc4 33. Qe4
Bf1 34. Rc6 Bg7 35. Rxc8+ Rxc8 36. Bd3 Bxg2 37. Bxa6 Rc3 38. Bc4 Rxf3 39. Qe8+
Bf8 40. a4 Rf6 41. a5 Bc6 42. Qc8 Kg7 43. a6 Be4+ 44. Kc1 Ba3+ 45. Kd2 Rd6+ 46.
Ke3 Bf5 47. Qe8 Bc5+ 48. Kf3 Rf6 49. Qe5 Bb6 50. b4 Be6+ 51. Kg2 Bxc4 52. b5 g5
53. Qa1 Bd5+ 54. Kh3 Kg6 55. Qb1+ Kh6 56. Qd1 Rf3+ 0-1

[Event "España ch 2008 sub 18"]
[Site "Padrón ESP"]
[Date "2008.07.28"]
[Round "3.11"]
[White "Espinosa Aranda, Angel"]
[Black "Vila Gonzalez, Daniel"]
[Result "1-0"]
[WhiteElo "2313"]
[BlackElo "2039"]
[PlyCount "89"]
[EventDate "2008.07.27"]
[EventType "swiss"]
[EventRounds "9"]
[EventCountry "ESP"]
[Source "lmi"]
[SourceDate "2008.07.27"]

1. e4 c5 2. Nf3 Nc6 3. Nc3 Nf6 4. d4 cxd4 5. Nxd4 e5 6. Ndb5 d6 7. Bg5 a6 8.
Na3 b5 9. Nd5 Be7 10. Bxf6 Bxf6 11. c4 b4 12. Nc2 a5 13. g3 O-O 14. Bg2 Be6 15.
O-O Rc8 16. Nxf6+ Qxf6 17. b3 Qg6 18. Qe2 Rfd8 19. Rad1 a4 20. Rd2 axb3 21.
axb3 Na5 22. Qe3 Bxc4 23. bxc4 Nxc4 24. Qe2 b3 25. Ne3 Nxd2 26. Qxd2 Qe6 27.
Rb1 Rb8 28. Bf3 Qd7 29. Bd1 Qb7 30. Rxb3 Qxe4 31. Rxb8 Rxb8 32. Qxd6 Re8 33.
Qd7 Rf8 34. Bc2 Qd4 35. Qf5 Qa1+ 36. Kg2 g6 37. Qf6 Qa8+ 38. f3 Qd8 39. Qxe5
Re8 40. Qc3 Qe7 41. Ng4 Qe2+ 42. Kh3 Qe6 43. Bb3 Qc8 44. Qf6 Qd7 45. Bxf7+ 1-0

[Event "España ch 2008 sub 18"]
[Site "Padrón ESP"]
[Date "2008.07.28"]
[Round "3.12"]
[White "Senlle Caride, Miguel"]
[Black "Hernandez Leon, Sergio"]
[Result "1-0"]
[WhiteElo "2289"]
[BlackElo "2042"]
[PlyCount "51"]
[EventDate "2008.07.27"]
[EventType "swiss"]
[EventRounds "9"]
[EventCountry "ESP"]
[Source "lmi"]
[SourceDate "2008.07.27"]

1. e4 c6 2. d4 d5 3. Nd2 dxe4 4. Nxe4 Nf6 5. Ng3 g6 6. Nf3 Bg7 7. Be2 O-O 8. h4
h5 9. O-O Nbd7 10. Bg5 Qc7 11. Qd2 e5 12. Bh6 e4 13. Bxg7 Kxg7 14. Ng5 Re8 15.
Bc4 Re7 16. Rae1 Nb6 17. Bb3 Bd7 18. N5xe4 Nxe4 19. Rxe4 Rae8 20. Nxh5+ gxh5
21. Qg5+ Kf8 22. Qh6+ Kg8 23. Qg6+ Kf8 24. Qxh5 Kg8 25. Qg6+ Kf8 26. Qh7 1-0

[Event "España ch 2008 sub 18"]
[Site "Padrón ESP"]
[Date "2008.07.28"]
[Round "3.13"]
[White "Marcos Pinto, Luis"]
[Black "Robles Garcia, Claudia"]
[Result "1/2-1/2"]
[WhiteElo "2115"]
[BlackElo "2256"]
[PlyCount "88"]
[EventDate "2008.07.27"]
[EventType "swiss"]
[EventRounds "9"]
[EventCountry "ESP"]
[Source "lmi"]
[SourceDate "2008.07.27"]

1. e4 d6 2. d4 Nf6 3. Nc3 g6 4. Bg5 Bg7 5. f4 h6 6. Bh4 c6 7. Qd2 b5 8. Bd3 Qb6
9. Nf3 Bg4 10. e5 dxe5 11. fxe5 Nh7 12. Ne2 Nd7 13. h3 Bxf3 14. gxf3 Nhf8 15.
f4 Ne6 16. c3 Qb7 17. f5 gxf5 18. Bxf5 Ndf8 19. O-O-O h5 20. Kb1 Bh6 21. Qc2
Nc7 22. Ng3 Nd5 23. Qe2 Nf4 24. Qc2 N8g6 25. Bxg6 fxg6 26. Ne4 O-O-O 27. Nc5
Qc7 28. Rdf1 Rhg8 29. Qb3 Rd5 30. Rxf4 Bxf4 31. Ne6 Qd7 32. Nxf4 Qf5+ 33. Qc2
Qxf4 34. Bxe7 g5 35. Bf6 Rd7 36. Re1 g4 37. e6 Qxf6 38. exd7+ Kxd7 39. Qh7+ Rg7
40. Qxh5 g3 41. Qe8+ Kc7 42. Qe5+ Qxe5 43. dxe5 Kd7 44. h4 g2 1/2-1/2

[Event "España ch 2008 sub 18"]
[Site "Padrón ESP"]
[Date "2008.07.28"]
[Round "3.14"]
[White "Lopez Paniego, Noel"]
[Black "Barbero Senidic, Alejandro"]
[Result "0-1"]
[WhiteElo "2011"]
[BlackElo "2244"]
[PlyCount "68"]
[EventDate "2008.07.27"]
[EventType "swiss"]
[EventRounds "9"]
[EventCountry "ESP"]
[Source "lmi"]
[SourceDate "2008.07.27"]

1. d4 d5 2. c4 c6 3. Nc3 Nf6 4. Nf3 e6 5. Bg5 Nbd7 6. e3 Bb4 7. Qc2 Qa5 8. Bxf6
Nxf6 9. Nd2 O-O 10. Bd3 Re8 11. O-O e5 12. Nb3 Qd8 13. cxd5 cxd5 14. dxe5 Rxe5
15. Nd4 Bd6 16. Ncb5 Rh5 17. Nxd6 Qxd6 18. g3 Bh3 19. Rfc1 Ne8 20. Bf5 Bxf5 21.
Nxf5 Qe6 22. Nd4 Qh3 23. f3 Re5 24. Qf2 Nd6 25. Rc3 Rae8 26. b3 Qh6 27. Re1 Qf6
28. Kg2 h5 29. Rd1 h4 30. Re1 h3+ 31. Kg1 Nf5 32. Rd3 Nd6 33. Rc3 R5e7 34. Rc2
Qxd4 0-1

[Event "España ch 2008 sub 18"]
[Site "Padrón ESP"]
[Date "2008.07.28"]
[Round "3.15"]
[White "Rodriguez Perez, Angel Mariano"]
[Black "Garcia Moreno, Carlos"]
[Result "0-1"]
[WhiteElo "1991"]
[BlackElo "2176"]
[PlyCount "82"]
[EventDate "2008.07.27"]
[EventType "swiss"]
[EventRounds "9"]
[EventCountry "ESP"]
[Source "lmi"]
[SourceDate "2008.07.27"]

1. e4 e5 2. Nf3 Nc6 3. d4 exd4 4. Nxd4 Bc5 5. Nxc6 Qf6 6. Qd2 dxc6 7. Bc4 Be6
8. Bxe6 Qxe6 9. Nc3 Ne7 10. O-O O-O 11. Qg5 Bd4 12. Qg3 Rac8 13. Re1 f5 14. Bd2
Ng6 15. Qd3 Rcd8 16. Be3 Ne5 17. Qe2 f4 18. Bxd4 f3 19. Qf1 Rxd4 20. Red1 Rxd1
21. Rxd1 b5 22. a3 fxg2 23. Qxg2 Rf6 24. Ne2 Nf3+ 25. Kh1 h6 26. Ng3 Nh4 27.
Qf1 Qg4 28. Rd3 c5 29. Re3 Rd6 30. Rd3 c4 31. f3 cxd3 32. fxg4 dxc2 33. Kg1 Rd1
34. Ne2 Nf3+ 35. Kf2 Rxf1+ 36. Kxf1 Nd2+ 37. Ke1 Nb3 38. Nc1 Nxc1 39. Kd2 Nd3
40. Kxc2 Nf2 41. Kb3 c5 0-1

[Event "España ch 2008 sub 18"]
[Site "Padrón ESP"]
[Date "2008.07.28"]
[Round "3.16"]
[White "Herrera Reyes, Jose Antonio"]
[Black "Rodriguez Lorenzo, Yadira"]
[Result "1/2-1/2"]
[WhiteElo "2145"]
[BlackElo "1984"]
[PlyCount "102"]
[EventDate "2008.07.27"]
[EventType "swiss"]
[EventRounds "9"]
[EventCountry "ESP"]
[Source "lmi"]
[SourceDate "2008.07.27"]

1. Nc3 e6 2. Nf3 d5 3. e4 Nf6 4. e5 Nfd7 5. d4 c5 6. dxc5 Nc6 7. Bf4 Bxc5 8.
Bd3 f6 9. exf6 Qxf6 10. Bg5 Qf7 11. O-O Nde5 12. Nxe5 Nxe5 13. Nxd5 exd5 14.
Qe2 O-O 15. Qxe5 Bxf2+ 16. Kh1 Qe6 17. Qe2 Qxe2 18. Bxe2 Be6 19. Bf3 Bd4 20. c3
Bf6 21. Be3 a6 22. Rad1 Rad8 23. Bb6 Rd7 24. Rfe1 Kf7 25. h3 g6 26. a4 Re8 27.
Re2 Bg5 28. Rf1 Kg8 29. Rfe1 Kf7 30. g3 Bd8 31. Bc5 h5 32. Bg2 h4 33. Bf3 Rc7
34. Bf2 Rc4 35. Kg1 hxg3 36. Bxg3 Bb6+ 37. Kh2 d4 38. cxd4 Rxd4 39. Bxb7 Bd7
40. Rxe8 Bxe8 41. Re2 a5 42. Be5 Rd1 43. b3 Bd7 44. Ba6 Be6 45. Bc3 Bxb3 46.
Bb5 Bg1+ 47. Kg3 Bb6 48. Kf4 Bc7+ 49. Be5 Rd4+ 50. Re4 Bxe5+ 51. Kxe5 Rxe4+
1/2-1/2

[Event "España ch 2008 sub 18"]
[Site "Padrón ESP"]
[Date "2008.07.28"]
[Round "3.17"]
[White "Castellano Egea, Einar"]
[Black "Velandrino Gomez, Maria Cielo"]
[Result "0-1"]
[WhiteElo "2128"]
[BlackElo "1995"]
[PlyCount "126"]
[EventDate "2008.07.27"]
[EventType "swiss"]
[EventRounds "9"]
[EventCountry "ESP"]
[Source "lmi"]
[SourceDate "2008.07.27"]

1. e4 e6 2. b3 d5 3. Bb2 Nc6 4. exd5 exd5 5. Bb5 Nf6 6. Qe2+ Be6 7. Nf3 Bd6 8.
Nd4 O-O 9. Nxc6 bxc6 10. Bxc6 Rb8 11. h3 Rb6 12. Ba4 Bf5 13. O-O Ne4 14. Nc3
Be5 15. Nd1 Bxb2 16. Nxb2 Rg6 17. Kh2 Qd6+ 18. f4 Ng3 19. Qe5 Nxf1+ 20. Rxf1
Be4 21. g3 Qc5 22. c3 Re6 23. Qd4 Qxd4 24. cxd4 h5 25. Nd1 Bd3 26. Rf2 Re1 27.
Ne3 Be4 28. Nf1 Ra1 29. g4 hxg4 30. hxg4 Rxa2 31. Ne3 g6 32. Kg3 Rd8 33. Bb5
Bc2 34. Ba4 Bd3 35. Bc6 Be4 36. Bb5 a6 37. Bc6 Rd6 38. Ba8 c6 39. Bb7 Bd3 40.
g5 Rb2 41. Ng4 Rxb3 42. Rf3 Rxb7 43. Rxd3 a5 44. Nf6+ Rxf6 45. gxf6 a4 46. Kf3
Kf8 47. Ke2 Ke8 48. Ra3 Ra7 49. Kd3 Kd7 50. Kc3 Ke6 51. Kb4 Kxf6 52. Kc5 Ra6
53. Kd6 Kf5 54. Kc7 Kxf4 55. Kb7 Ra5 56. Kb6 Rb5+ 57. Kxc6 Ra5 58. Kb6 Ra8 59.
Kb7 Rh8 60. Rxa4 Rh5 61. Kc6 Rf5 62. Ra3 g5 63. Ra1 Ke4 0-1

[Event "España ch 2008 sub 18"]
[Site "Padrón ESP"]
[Date "2008.07.28"]
[Round "3.18"]
[White "Mestre Bellido, Hector"]
[Black "Pintor Munoz, Francisco"]
[Result "1-0"]
[WhiteElo "2284"]
[BlackElo "1808"]
[PlyCount "111"]
[EventDate "2008.07.27"]
[EventType "swiss"]
[EventRounds "9"]
[EventCountry "ESP"]
[Source "lmi"]
[SourceDate "2008.07.27"]

1. e4 e5 2. Nf3 Nc6 3. Bc4 Bc5 4. c3 Nf6 5. d3 a6 6. Bb3 Ba7 7. Nbd2 O-O 8. Nf1
d5 9. Qe2 dxe4 10. dxe4 Na5 11. Bc2 Ng4 12. Ne3 Nxe3 13. Bxe3 Bxe3 14. Qxe3 Qe7
15. O-O Bg4 16. b3 Nc6 17. h3 Bxf3 18. Qxf3 Rad8 19. Rad1 Rxd1 20. Rxd1 Rd8 21.
Rd5 Qg5 22. g3 Qc1+ 23. Qd1 Qxd1+ 24. Bxd1 Kf8 25. Kf1 Ke7 26. Bf3 Rxd5 27.
exd5 Nd8 28. Ke2 Kd6 29. Be4 g6 30. g4 h6 31. Kd3 b6 32. c4 a5 33. a3 Nb7 34.
b4 axb4 35. axb4 Nd8 36. h4 g5 37. h5 Nb7 38. Bf3 Ke7 39. Bd1 Kf6 40. Ba4 Nd8
41. c5 bxc5 42. bxc5 Nb7 43. Kc4 Ke7 44. Kb5 Kd8 45. Bc2 Kc8 46. Bf5+ Kd8 47.
Bh7 Kc8 48. Bg8 Nd8 49. Bh7 Nb7 50. Bf5+ Kd8 51. f3 f6 52. Be6 Ke7 53. Kc6 Nd8+
54. Kxc7 Nxe6+ 55. dxe6 e4 56. fxe4 1-0

[Event "España ch 2008 sub 18"]
[Site "Padrón ESP"]
[Date "2008.07.28"]
[Round "3.19"]
[White "Dominguez Pons, Eric"]
[Black "Alshameary Puente, Ismael"]
[Result "1/2-1/2"]
[WhiteElo "2259"]
[BlackElo "1951"]
[PlyCount "129"]
[EventDate "2008.07.27"]
[EventType "swiss"]
[EventRounds "9"]
[EventCountry "ESP"]
[Source "lmi"]
[SourceDate "2008.07.27"]

1. e4 c5 2. d4 cxd4 3. c3 dxc3 4. Nxc3 Nc6 5. Nf3 d6 6. Bc4 Nf6 7. O-O a6 8.
Bg5 e6 9. Qd2 b5 10. Bb3 Be7 11. Rac1 Bb7 12. Rfd1 O-O 13. Bxf6 gxf6 14. Qh6
Kh8 15. Qh5 b4 16. Ne2 Ne5 17. Nxe5 fxe5 18. Rc4 a5 19. Rd3 Rg8 20. Qxf7 Rg7
21. Qxe6 Ba6 22. Ng3 Bxc4 23. Bxc4 Rg6 24. Qd5 Rc8 25. Rd1 a4 26. b3 axb3 27.
axb3 Rc5 28. Qd2 Qb6 29. Nf5 Bf8 30. h4 h6 31. Ra1 Ra5 32. Rd1 Qa7 33. Qxb4 Ra2
34. Qe1 Qb6 35. g3 d5 36. exd5 Rxf2 37. Qxf2 Bc5 38. Nd4 Rf6 39. Qe3 Bxd4 40.
Rxd4 Qxd4 41. Qxd4 exd4 42. d6 Rxd6 43. Kf2 Kg7 44. Ke2 Kf6 45. Kd2 Ke5 46. g4
Kf4 47. g5 hxg5 48. hxg5 Kxg5 49. b4 Kf4 50. Bd3 Rh6 51. Bc4 Rh3 52. Be6 Rh6
53. Bc4 Rb6 54. b5 Ke4 55. Bf1 Rd6 56. Bg2+ Ke5 57. Bc6 d3 58. Bg2 Kd4 59. Bf1
Kc4 60. b6 Rxb6 61. Bxd3+ Kd4 62. Kc2 Rc6+ 63. Kd2 Rh6 64. Bf5 Rh2+ 65. Kd1
1/2-1/2

[Event "España ch 2008 sub 18"]
[Site "Padrón ESP"]
[Date "2008.07.28"]
[Round "3.20"]
[White "Chueca Forcen, Alberto"]
[Black "Jimenez Serna, Alvaro"]
[Result "1/2-1/2"]
[WhiteElo "2254"]
[BlackElo "1947"]
[PlyCount "200"]
[EventDate "2008.07.27"]
[EventType "swiss"]
[EventRounds "9"]
[EventCountry "ESP"]
[Source "lmi"]
[SourceDate "2008.07.27"]

1. d4 d5 2. c4 e6 3. Nc3 Nf6 4. cxd5 exd5 5. Bg5 Be7 6. e3 c6 7. Qc2 Bg4 8. Bd3
Bh5 9. Nf3 Nbd7 10. O-O Bg6 11. Rab1 O-O 12. b4 a6 13. a4 Bxd3 14. Qxd3 Ne4 15.
Bxe7 Qxe7 16. Ne2 Nd6 17. a5 Rae8 18. Qc3 Ne4 19. Qc2 Qd6 20. Nf4 Re7 21. Nd3
Qg6 22. Nc5 Ndxc5 23. bxc5 Ng5 24. Qd1 Nxf3+ 25. Qxf3 f5 26. Rb6 Qg4 27. Qg3
Qxg3 28. hxg3 g5 29. Rfb1 Rff7 30. Kf1 Kg7 31. Ke2 Kg6 32. Kd3 h5 33. R6b2 Rd7
34. Re1 Rde7 35. f3 Rd7 36. e4 Rfe7 37. e5 Rh7 38. Rh1 Rde7 39. Ke3 h4 40. gxh4
f4+ 41. Kf2 gxh4 42. Kg1 Re6 43. Kh2 Kf5 44. Rhb1 Ree7 45. Kh3 Reg7 46. Kh2 Re7
47. Kg1 Reg7 48. Kf2 Re7 49. Ke2 Reg7 50. Kd3 Re7 51. Rh1 Re6 52. Ke2 Ree7 53.
Rbb1 Re6 54. Kf2 Kg5 55. Rbg1 Kf5 56. Ke2 Reh6 57. Rh3 Kg5 58. Rgh1 Kf5 59.
R3h2 Kg5 60. Kf2 Kf5 61. Rb1 Re6 62. Ke2 Kg5 63. Rh3 Kf5 64. Kd3 Rg6 65. Rbh1
Rgh6 66. Kc3 Rh8 67. Kd2 R8h7 68. Ke2 Rh8 69. Rb1 R8h7 70. Kf2 Re6 71. Kf1 Reh6
72. Kf2 Re6 73. Rb2 Kg5 74. Rh1 Kf5 75. Rbb1 Kg5 76. Kf1 Kf5 77. Ke2 Kg5 78.
Rbg1 Reh6 79. Rh2 Kf5 80. Rgh1 Kg5 81. Kd2 Kf5 82. Re1 Re6 83. Kd3 Kg5 84. Rg1
Kf5 85. Kd2 Rg6 86. Ke2 Rgh6 87. Kf1 Ke6 88. Kf2 Kf5 89. Ke2 Ke6 90. Kf2 Kf5
91. Rb1 Ke6 92. Rb2 Kf5 93. Re2 Re6 94. Re1 Reh6 95. Ke2 Ke6 96. Rb1 Kf5 97.
Rb2 Re6 98. Kd3 Rg6 99. Re2 Re6 100. Re1 Reh6 1/2-1/2

[Event "España ch 2008 sub 18"]
[Site "Padrón ESP"]
[Date "2008.07.28"]
[Round "3.21"]
[White "Gago Padreny, Ignacio"]
[Black "Calle Moreau, Jose Domingo"]
[Result "1/2-1/2"]
[WhiteElo "2169"]
[BlackElo "1940"]
[PlyCount "60"]
[EventDate "2008.07.27"]
[EventType "swiss"]
[EventRounds "9"]
[EventCountry "ESP"]
[Source "lmi"]
[SourceDate "2008.07.27"]

1. d4 Nf6 2. c4 c5 3. d5 e6 4. Nc3 exd5 5. cxd5 d6 6. e4 g6 7. f3 Bg7 8. Nge2
O-O 9. Ng3 Re8 10. Be2 b6 11. O-O Ba6 12. Bxa6 Nxa6 13. Bg5 h6 14. Be3 Qd7 15.
Qd2 Kh7 16. a4 Nb4 17. h3 a6 18. Na2 Qxa4 19. Nxb4 Qxb4 20. Qxb4 cxb4 21. Ra4
b5 22. Rxb4 Rec8 23. Ne2 Nd7 24. Ra1 Ne5 25. Nd4 Nd3 26. Rb3 Nc1 27. Bxc1 Bxd4+
28. Be3 Bxe3+ 29. Rxe3 a5 30. f4 Rc2 1/2-1/2

[Event "España ch 2008 sub 18"]
[Site "Padrón ESP"]
[Date "2008.07.28"]
[Round "3.22"]
[White "Picazo Lopez, Ignacio"]
[Black "Torres Ventosa, Pedro Eugenio"]
[Result "1/2-1/2"]
[WhiteElo "1973"]
[BlackElo "2135"]
[PlyCount "126"]
[EventDate "2008.07.27"]
[EventType "swiss"]
[EventRounds "9"]
[EventCountry "ESP"]
[Source "lmi"]
[SourceDate "2008.07.27"]

1. e4 d5 2. exd5 Qxd5 3. Nc3 Qd6 4. d4 Nf6 5. Be3 a6 6. Nf3 Nc6 7. Be2 Bf5 8.
a3 e6 9. Qd2 Be7 10. O-O-O Nd5 11. Nxd5 exd5 12. Bf4 Qd7 13. Ne5 Nxe5 14. dxe5
c6 15. h3 b5 16. g4 Be6 17. Bg5 a5 18. Bxe7 Qxe7 19. f4 O-O 20. Rde1 b4 21. a4
b3 22. f5 Bd7 23. Rhf1 Qb4 24. Qxb4 axb4 25. cxb3 Rfe8 26. Bf3 g6 27. Bg2 Ra5
28. Rf4 Bc8 29. fxg6 hxg6 30. Rxb4 f6 31. Rb6 Rc5+ 32. Kd2 fxe5 33. b4 Rc4 34.
Rxc6 Rxb4 35. Bxd5+ Kg7 36. Rc7+ Kh6 37. Kc3 Rb8 38. Bf7 Rf8 39. Rxe5 Rb6 40.
g5+ Kh5 41. Be6 Rf3+ 42. Kd4 Kh4 43. Rxc8 Rxb2 44. Rc3 Rd2+ 45. Kc4 Rf4+ 46.
Kb5 Rf1 47. Rc4+ Kg3 48. a5 Ra1 49. Rb4 Rd8 50. Rb3+ Kf2 51. Kb6 Rd2 52. Rc5
Rd6+ 53. Rc6 Rxc6+ 54. Kxc6 Rxa5 55. Rb5 Rxb5 56. Kxb5 Kg3 57. Kc5 Kh4 58. Kd5
Kxg5 59. Ke5 Kh6 60. Kf6 g5 61. Bf5 g4 62. Bxg4 Kh7 63. Be6 Kh8 1/2-1/2

[Event "España ch 2008 sub 18"]
[Site "Padrón ESP"]
[Date "2008.07.28"]
[Round "3.23"]
[White "Galan Martin, Alejandro"]
[Black "Galan Martin, Pedro Juan"]
[Result "1/2-1/2"]
[WhiteElo "1925"]
[BlackElo "2114"]
[PlyCount "78"]
[EventDate "2008.07.27"]
[EventType "swiss"]
[EventRounds "9"]
[EventCountry "ESP"]
[Source "lmi"]
[SourceDate "2008.07.27"]

1. e4 c5 2. Nf3 d6 3. d4 cxd4 4. Nxd4 Nf6 5. Nc3 a6 6. Bg5 e6 7. f4 Qc7 8. Qf3
b5 9. a3 Nbd7 10. O-O-O Rb8 11. g4 b4 12. axb4 Rxb4 13. Bxf6 Nxf6 14. g5 Nd7
15. b3 g6 16. f5 Ne5 17. Qg3 Qc5 18. Na4 Qa5 19. fxe6 Bxe6 20. Nxe6 fxe6 21.
Bh3 Ke7 22. Qf2 Bg7 23. Qa7+ Nd7 24. Rhf1 Qxg5+ 25. Kb1 Qb5 26. Nb2 Bf6 27.
Rxf6 Kxf6 28. e5+ Nxe5 29. Rf1+ Kg5 30. Qe3+ Kh5 31. Rg1 h6 32. Bf1 Qc5 33.
Be2+ Ng4 34. Qh3+ Kg5 35. Rxg4+ Rxg4 36. Qxg4+ Kf6 37. Qf3+ Qf5 38. Qc3+ Qe5
39. Qf3+ Qf5 1/2-1/2

[Event "España ch 2008 sub 18"]
[Site "Padrón ESP"]
[Date "2008.07.28"]
[Round "3.24"]
[White "Zapata Lopez, Julio"]
[Black "Ladron De Guevara Pinto, Fermin"]
[Result "0-1"]
[WhiteElo "1921"]
[BlackElo "2074"]
[PlyCount "60"]
[EventDate "2008.07.27"]
[EventType "swiss"]
[EventRounds "9"]
[EventCountry "ESP"]
[Source "lmi"]
[SourceDate "2008.07.27"]

1. c4 e6 2. Nc3 d5 3. cxd5 exd5 4. d4 c6 5. Bf4 Nf6 6. e3 Bf5 7. Bd3 Bg6 8.
Nge2 Bd6 9. O-O O-O 10. Rb1 Re8 11. b4 b5 12. Bxg6 hxg6 13. Qb3 Nh5 14. Bxd6
Qxd6 15. a4 a6 16. axb5 axb5 17. Ra1 Nd7 18. Ra5 Rxa5 19. bxa5 Ra8 20. Ra1 Nb6
21. Nc1 Nc4 22. a6 Nf6 23. Nd3 Ng4 24. g3 g5 25. Kg2 Qg6 26. Nd1 Qe4+ 27. Kg1
Nd2 28. Qc2 Nf3+ 29. Kf1 Ngxh2+ 30. Ke2 Nxd4+ 0-1

[Event "España ch 2008 sub 18"]
[Site "Padrón ESP"]
[Date "2008.07.28"]
[Round "3.25"]
[White "Ladron De Guevara Pinto, Paolo"]
[Black "Varona Poncela, Tomas"]
[Result "0-1"]
[WhiteElo "1915"]
[BlackElo "2064"]
[PlyCount "94"]
[EventDate "2008.07.27"]
[EventType "swiss"]
[EventRounds "9"]
[EventCountry "ESP"]
[Source "lmi"]
[SourceDate "2008.07.27"]

1. e4 e6 2. Nf3 d5 3. Nc3 c5 4. exd5 exd5 5. d4 Be6 6. dxc5 Bxc5 7. Bd3 Nf6 8.
O-O O-O 9. Ne2 Qb6 10. h3 Nc6 11. Ng3 Rad8 12. Ng5 h6 13. Nf3 Ne4 14. Nh1 f5
15. Qe2 f4 16. c4 Rde8 17. cxd5 Bxd5 18. Bc4 Nxf2 19. Bxd5+ Kh8 20. Qxf2 Bxf2+
21. Nxf2 Nb4 22. Bb3 Nd3 23. Bc4 Nb4 24. Kh2 Nc2 25. Rb1 Ne3 26. Bxe3 fxe3 27.
Nd3 e2 28. Rfc1 Qd6+ 29. Kh1 Qg3 30. Nde1 Re3 31. Rc3 Rxc3 32. bxc3 Qf2 33. Bd3
b6 34. Kh2 g5 35. Bb5 h5 36. Nd3 Qe3 37. Nde5 g4 38. hxg4 hxg4 39. Nxg4 Qe4 40.
Re1 Qxg4 41. Bxe2 Rxf3 42. Rh1 Rh3+ 43. gxh3 Qxe2+ 44. Kg3 Qe5+ 45. Kg2 Qxc3
46. Rf1 Qc6+ 47. Kh2 Qc2+ 0-1

[Event "España ch 2008 sub 18"]
[Site "Padrón ESP"]
[Date "2008.07.28"]
[Round "3.26"]
[White "Labena Bernal, Antonio"]
[Black "Ruiz De La Torre Perez, Cristina"]
[Result "1/2-1/2"]
[WhiteElo "2045"]
[BlackElo "1908"]
[PlyCount "129"]
[EventDate "2008.07.27"]
[EventType "swiss"]
[EventRounds "9"]
[EventCountry "ESP"]
[Source "lmi"]
[SourceDate "2008.07.27"]

1. e4 e5 2. Nf3 Nc6 3. d4 exd4 4. Nxd4 Bc5 5. Nxc6 Qf6 6. Qf3 dxc6 7. Nd2 Be6
8. Bd3 h6 9. Qxf6 Nxf6 10. Nb3 Bb6 11. Bd2 O-O-O 12. Bc3 Rhg8 13. f3 c5 14. Nd2
c6 15. O-O-O Bc7 16. Bc4 Bxc4 17. Nxc4 Bf4+ 18. Bd2 Bxd2+ 19. Rxd2 Rxd2 20.
Kxd2 Rd8+ 21. Ke2 Ne8 22. Rd1 Rxd1 23. Kxd1 Kd7 24. Ke2 f6 25. Ke3 b6 26. g3
Ke6 27. f4 b5 28. Na5 Kd7 29. Nb7 c4 30. Kd4 Nc7 31. Nc5+ Ke7 32. h4 h5 33. f5
Kd6 34. Nb7+ Kd7 35. e5 fxe5+ 36. Kxe5 Ke7 37. Nd6 a6 38. Ne4 Nd5 39. Ng5 Nc7
40. Ne4 Nd5 41. Nc5 Nc7 42. Kf4 Kd6 43. Ne6 Nxe6+ 44. fxe6 Kxe6 45. Kg5 b4 46.
c3 c5 47. a3 a5 48. Kg6 Ke5 49. Kxg7 Ke4 50. Kg6 Kd3 51. Kxh5 bxc3 52. bxc3
Kxc3 53. g4 Kb2 54. g5 c3 55. g6 c2 56. g7 c1=Q 57. g8=Q Qd1+ 58. Kh6 Qd6+ 59.
Kh5 Qe5+ 60. Qg5 Qxg5+ 61. hxg5 c4 62. g6 c3 63. g7 c2 64. g8=Q c1=Q 65. Qd5
1/2-1/2

[Event "España ch 2008 sub 18"]
[Site "Padrón ESP"]
[Date "2008.07.28"]
[Round "3.27"]
[White "Riera Morilla, Elizabeth"]
[Black "De Nacimiento Montano, Antonio"]
[Result "1/2-1/2"]
[WhiteElo "1915"]
[BlackElo "2045"]
[PlyCount "71"]
[EventDate "2008.07.27"]
[EventType "swiss"]
[EventRounds "9"]
[EventCountry "ESP"]
[Source "lmi"]
[SourceDate "2008.07.27"]

1. e4 c5 2. Nf3 e6 3. d4 cxd4 4. Nxd4 a6 5. Bd3 Nc6 6. Nb3 Nf6 7. O-O Be7 8.
Nc3 d5 9. Qe2 d4 10. Nd1 e5 11. f4 Bd6 12. f5 b5 13. Nf2 Bb7 14. g4 Qb6 15. a4
Nb4 16. axb5 Nxd3 17. cxd3 Qxb5 18. Na5 Nd7 19. g5 Nc5 20. Nc4 Bc7 21. b4 Nd7
22. Ng4 f6 23. gxf6 Nxf6 24. Nxf6+ gxf6 25. Bh6 O-O-O 26. Rfc1 Kb8 27. Na5 Bxa5
28. bxa5 Rc8 29. Rcb1 Qc5 30. Qb2 Rc7 31. Rc1 Qb5 32. Qxb5 axb5 33. Rxc7 Kxc7
34. Kf2 Rg8 35. a6 Bc6 36. a7 1/2-1/2

[Event "España ch 2008 sub 18"]
[Site "Padrón ESP"]
[Date "2008.07.28"]
[Round "3.28"]
[White "Hernandez Munoz, Antonio"]
[Black "Almagro Guardia, Elena"]
[Result "1-0"]
[WhiteElo "2044"]
[BlackElo "1895"]
[PlyCount "51"]
[EventDate "2008.07.27"]
[EventType "swiss"]
[EventRounds "9"]
[EventCountry "ESP"]
[Source "lmi"]
[SourceDate "2008.07.27"]

1. e4 d5 2. exd5 Qxd5 3. Nc3 Qa5 4. d4 c6 5. Nf3 Nf6 6. Bc4 e6 7. Bd2 Qc7 8.
Qe2 Be7 9. O-O-O Nbd7 10. g4 b5 11. Bb3 a5 12. g5 Ng8 13. a4 bxa4 14. Nxa4 Ba6
15. Qe4 Bd6 16. Bc3 Ne7 17. Rhe1 O-O 18. h4 c5 19. dxc5 Nxc5 20. Nxc5 Bxc5 21.
Bxe6 fxe6 22. Qxe6+ Kh8 23. Ne5 Nf5 24. Rd7 Qb6 25. Nf7+ Rxf7 26. Qxf7 1-0

[Event "España ch 2008 sub 18"]
[Site "Padrón ESP"]
[Date "2008.07.28"]
[Round "3.29"]
[White "Tirapo Larcuen, Ana"]
[Black "Marrero Falcon, Hector"]
[Result "1-0"]
[WhiteElo "1880"]
[BlackElo "2044"]
[PlyCount "61"]
[EventDate "2008.07.27"]
[EventType "swiss"]
[EventRounds "9"]
[EventCountry "ESP"]
[Source "lmi"]
[SourceDate "2008.07.27"]

1. e4 c5 2. Nc3 e6 3. g3 Nc6 4. Bg2 Nf6 5. f4 d5 6. d3 a6 7. a4 Rb8 8. Nh3 b5
9. axb5 axb5 10. Nf2 Be7 11. O-O b4 12. Ne2 Bb7 13. e5 Nd7 14. c3 Ra8 15. Rb1
Qb6 16. Bd2 O-O 17. Bh3 Ba6 18. Kh1 Bb5 19. Ng1 Na5 20. Nf3 Bc6 21. d4 Nc4 22.
f5 exf5 23. Bxf5 f6 24. e6 Nb8 25. Qc2 Nxd2 26. Bxh7+ Kh8 27. Nxd2 cxd4 28. Qf5
g6 29. Qh3 f5 30. Bxg6+ Kg7 31. Qh7+ 1-0

[Event "España ch 2008 sub 18"]
[Site "Padrón ESP"]
[Date "2008.07.28"]
[Round "3.30"]
[White "Sanchez Ibern, Eric"]
[Black "Arce Calva, Elvira"]
[Result "0-1"]
[WhiteElo "2038"]
[BlackElo "1876"]
[PlyCount "88"]
[EventDate "2008.07.27"]
[EventType "swiss"]
[EventRounds "9"]
[EventCountry "ESP"]
[Source "lmi"]
[SourceDate "2008.07.27"]

1. e4 d5 2. exd5 Qxd5 3. Nc3 Qa5 4. Bc4 Nf6 5. d3 c6 6. Bd2 Qc7 7. Qe2 Bf5 8.
h3 e6 9. g4 Bg6 10. O-O-O Nbd7 11. h4 h6 12. h5 Bh7 13. f4 O-O-O 14. g5 Nd5 15.
g6 fxg6 16. hxg6 Bxg6 17. Qxe6 Nxc3 18. bxc3 Bh7 19. Bb3 Kb8 20. Nf3 Nc5 21.
Qg4 a5 22. f5 Bd6 23. Rhg1 a4 24. Bc4 Rhf8 25. Qxg7 Qb6 26. Bxh6 Ne4 27. Rde1
Ba3+ 28. Kd1 Qb1+ 29. Ke2 Qxc2+ 30. Bd2 Nxd2 31. Nxd2 Rde8+ 32. Kf3 Rxf5+ 33.
Kg4 Rxe1 34. Rxe1 Qxd2 35. Re8+ Ka7 36. Qd4+ Rc5 37. Qd8 Qg2+ 38. Kh4 Qf2+ 39.
Kg4 Bf5+ 40. Kh5 Bxd3+ 41. Kh6 Bc1+ 42. Kg7 Qg3+ 43. Kf8 Bh6+ 44. Kf7 Bxc4+ 0-1